000 01138nam a2200289Ia 4500
001 ebr10387141
003 CaPaEBR
006 m u
007 cr cn|||||||||
008 090824s2009 enka s 000 0 eng d
020 _z9781846683329 (pbk.)
020 _z1846683327 (pbk.)
040 _aCaPaEBR
_cCaPaEBR
035 _a(OCoLC)748360430
050 1 4 _aHB3722
_b.S54 2009eb
100 1 _aSkene, Leigh.
245 1 4 _aThe impoverishment of nations
_h[electronic resource] :
_bthe issues facing the post meltdown global economy /
_cLeigh Skene.
260 _aLondon :
_bProfile Books,
_c2009.
300 _a212 p. :
_bill.
533 _aElectronic reproduction.
_bPalo Alto, Calif. :
_cebrary,
_d2010.
_nAvailable via World Wide Web.
_nAccess may be limited to ebrary affiliated libraries.
650 0 _aGlobal Financial Crisis, 2008-2009.
650 0 _aEconomic history
_y21st century.
650 0 _aEconomic policy.
655 7 _aElectronic books.
_2local
710 2 _aebrary, Inc.
856 4 0 _uhttp://site.ebrary.com/lib/rucke/Doc?id=10387141
_zAn electronic book accessible through the World Wide Web; click to view
999 _c205508
_d205508